DIGITAL SIGNAL PROCESSING :PRINCIPLES,ALGORITHMS AND APPLICATIONS. (Record no. 14543)
[ view plain ]
| 000 -LEADER | |
|---|---|
| fixed length control field | 00372nam a22001577a 4500 |
| 003 - CONTROL NUMBER IDENTIFIER | |
| control field | SGT |
| 020 ## - INTERNATIONAL STANDARD BOOK NUMBER | |
| International Standard Book Number | 978-81-317-1000-5 |
| 082 ## - DEWEY DECIMAL CLASSIFICATION NUMBER | |
| Classification number | 621.3822 |
| Item number | PRO |
| 100 ## - MAIN ENTRY--PERSONAL NAME | |
| Personal name | PROAKIS,JOHN.G. |
| 245 ## - TITLE STATEMENT | |
| Title | DIGITAL SIGNAL PROCESSING :PRINCIPLES,ALGORITHMS AND APPLICATIONS. |
| 250 ## - EDITION STATEMENT | |
| Edition statement | 4TH |
| 260 ## - PUBLICATION, DISTRIBUTION, ETC. (IMPRINT) | |
| Place of publication, distribution, etc | NOIDA |
| Name of publisher, distributor, etc | PEARSON |
| Year of Publication | 2016 |
| 300 ## - PAGE DESCRIPTION | |
| No. of Pages | 1136 |
| 650 ## - SUBJECT ADDED ENTRY--TOPICAL TERM | |
| Topical term or geographic name as entry element | ECE |
| 942 ## - ADDED ENTRY ELEMENTS (KOHA) | |
| Source of classification or shelving scheme | Dewey Decimal Classification |
| Koha item type | Books |
| Withdrawn status | Lost status | Source of classification or shelving scheme | Damaged status | Not for loan | Collection code | Home library | Current library | Shelving location | Date acquired | Vendor Name | Cost, normal purchase price | SGTU | Bill Number | Total Checkouts | Full call number | Accession No. (Barcode) | Date last seen | Bill Date | Koha item type | Date last borrowed |
|---|---|---|---|---|---|---|---|---|---|---|---|---|---|---|---|---|---|---|---|---|
| Dewey Decimal Classification | ENGINEERING | SGT Engineering Library | SGT Engineering Library | Text Book | 15/01/2018 | KIRTI PRAKASHAN (NEW DELHI ) | 779.00 | SGTU | IN1297 | 621.3822 PRO | FE6956 | 15/01/2018 | Books | |||||||
| Dewey Decimal Classification | ENGINEERING | SGT Engineering Library | SGT Engineering Library | Text Book | 15/01/2018 | KIRTI PRAKASHAN (NEW DELHI ) | 779.00 | SGTU | IN1297 | 621.3822 PRO | FE6957 | 15/01/2018 | Books | |||||||
| Dewey Decimal Classification | ENGINEERING | SGT Engineering Library | SGT Engineering Library | Text Book | 15/01/2018 | KIRTI PRAKASHAN (NEW DELHI ) | 779.00 | SGTU | IN1297 | 621.3822 PRO | FE6958 | 15/01/2018 | Books | |||||||
| Dewey Decimal Classification | ENGINEERING | SGT Engineering Library | SGT Engineering Library | Text Book | 15/01/2018 | KIRTI PRAKASHAN (NEW DELHI ) | 779.00 | SGTU | IN1297 | 1 | 621.3822 PRO | FE6959 | 08/12/2018 | Books | 30/11/2018 | |||||
| Dewey Decimal Classification | ENGINEERING | SGT Engineering Library | SGT Engineering Library | Text Book | 15/01/2018 | KIRTI PRAKASHAN (NEW DELHI ) | 779.00 | SGTU | IN1297 | 621.3822 PRO | FE6960 | 15/01/2018 | Books |